000 00784nam a2200217 a 4500
001 000020969
005 20250225115302.0
008 100825s2000 dr 000 0 spa d
040 _aDO-SdBNP
_bspa
_cBNPHU
082 _a001.42
_bH557g
100 1 _aHernández, Pablo Ma.,
_d1942-
_943917
245 1 0 _aGuía para tesis y monografías /
_cPablo Ma. Hernández.
260 _aSanto Domingo :
_b[s.n.],
_c2000.
300 _a113 p. ;
_c21 cm.
500 _aIncluye datos biográficos del autor en la contracubierta
504 _aBibliografía : p. 110-113
505 2 _aConsideraciones metodológicas -- La Tesis -- El proyecto de investigación -- La monografía.
650 0 _aTesis y disertaciones académicas
_919630
650 0 _a Ciencia -
_xMetodología
_93
049 _aBNPD
999 _c20472
_d20472